The Education Of John Reed / (Record no. 616545)

000 -LEADER
fixed length control field 00362nam a22001337a 4500
020 ## - INTERNATIONAL STANDARD BOOK NUMBER
Qualifying information PB.
040 ## - CATALOGING SOURCE
Transcribing agency Fizza Ishaq
082 ## - DEWEY DECIMAL CLASSIFICATION NUMBER
Classification number 812.5
Author Mark JOH
100 ## - MAIN ENTRY--PERSONAL NAME
Personal name Stuart, John.
9 (RLIN) 133597
245 ## - TITLE STATEMENT
Title The Education Of John Reed /
Statement of responsibility, etc. John Stuart.
260 ## - PUBLICATION, DISTRIBUTION, ETC.
Place of publication, distribution, etc. New York :
Name of publisher, distributor, etc. International Publishers,
Date of publication, distribution, etc. 1955.
300 ## - PHYSICAL DESCRIPTION
Extent 224 p. ;
Dimensions 8 x 5.5 x .4 inches
942 ## - ADDED ENTRY ELEMENTS (KOHA)
Source of classification or shelving scheme
Koha item type Book
Holdings
Withdrawn status Lost status Source of classification or shelving scheme Damaged status Not for loan Permanent Location Current Location Shelving location Date acquired Total Checkouts Full call number Barcode Date last seen Price effective from Koha item type
          NUST Baluchistan Campus (NBC) NUST Baluchistan Campus (NBC) General Stacks 03/06/2026   812.5 JOH QD-694 03/06/2026 03/06/2026 Book
© 2023 Central Library, National University of Sciences and Technology. All Rights Reserved.